| 000 | 01133nam a2200229Ia 4500 | ||
|---|---|---|---|
| 003 | Ost | ||
| 005 | 20260507075739.0 | ||
| 008 | 260507s9999||||xx |||||||||||||| ||und|| | ||
| 020 | _a9773190560 | ||
| 040 | _cfsecg | ||
| 041 | _aara | ||
| 082 | _a338.0962 | ||
| 100 |
_aعبد الله، اسماعيل صبري _eمؤلف |
||
| 245 | 0 |
_aألفاظ ومعان / _c اسماعيل صبري عبد الله |
|
| 260 |
_aالقاهرة: _bالعربي للنشر والتوزيع, _c2003 |
||
| 300 |
_a228 صفحة؛ _c24 سم |
||
| 520 | _aالمستثمر،الأمن الغذائي،البيئة،العالم الثالث،المنيا الجديدة،مترو الأنفاق،طريق الصعيد الصحراوي،طريق الصعيد السريع،بحيرة ناصر،السيارة المصرية...القطاع النائم،أحياء الشقاء...أزمة النمور...دليلى احتار،الركود الرأسمالي | ||
| 653 | _aمصر-الأحوال الإجتماعية | ||
| 653 | _aمصر-الأحوال الإقتصادية | ||
| 653 | _aمصر-سياسة و حكومة | ||
| 942 | _cكتاب | ||
| 999 |
_c46122 _d46122 |
||